Every WWE Video Game - Statistics

General Stats
  • This quiz has been taken 303 times
  • The average score is 27 of 58
Answer Stats
Released Console(s) Released On Game % Correct
2018 PC, PS4, Xbox One 2K19
89%
2017 Nintendo Switch, PC, PS4, Xbox One 2K18
88%
2014 PC, PS3, PS4, Xbox 360, Xbox One 2K15
87%
2015 PC, PS3, PS4, Xbox 360, Xbox One 2K16
87%
2016 PC, PS3, PS4, Xbox 360, Xbox One 2K17
87%
2013 PS3, Xbox 360 2K14
86%
2019 PC, PS4, Xbox One 2K20
86%
2000 PlayStation SmackDown
79%
2004 PS2 SmackDown vs. Raw
79%
1994 Game Boy, Game Gear, Genesis/Mega Drive, Sega 32X, SNES Raw
78%
2002 PC, Xbox Raw
78%
2012 Nintendo Wii, PS3, Xbox 360 '13
74%
2011 Nintendo Wii, PS3, Xbox 360 '12
73%
2009 Nintendo DS, Nintendo Wii, PS2, PS3, PSP, Xbox 360 SmackDown vs. Raw 2010
68%
1989 NES WrestleMania
68%
1991 Amiga, Amstrad CPC, Atari ST, Commodore 64, PC, ZX Spectrum WrestleMania
68%
2003 PS2 SmackDown: Here Comes The Pain
67%
2006 PS2, PSP, Xbox 360 SmackDown vs. Raw 2007
66%
2007 Nintendo DS, Nintendo Wii, PS2, PS3, PSP, Xbox 360 SmackDown vs. Raw 2008
66%
2008 Nintendo DS, Nintendo Wii, PS2, PS3, PSP, Xbox 360 SmackDown vs. Raw 2009
66%
2010 Nintendo Wii, PS2, PS3, PSP, Xbox 360 SmackDown vs. Raw 2011
66%
2020 Nintendo Switch, PC, PS4, Xbox One 2K Battlegrounds
61%
2005 PS2, PSP SmackDown vs. Raw 2006
61%
2002 PS2 SmackDown: Shut Your Mouth
57%
2000 Nintendo 64 No Mercy
53%
2003 Xbox Raw 2
53%
2011 Nintendo 3DS, Nintendo Wii, PS2, PS3, PSP, Xbox 360 All-Stars
52%
2000 PlayStation SmackDown 2: Know Your Role
48%
1993 Genesis/Mega Drive, SNES Royal Rumble
44%
2000 Sega Dreamcast Royal Rumble
44%
2009 PS3, Xbox 360 Legends of WrestleMania
43%
2001 PS2 SmackDown: Just Bring It!
42%
1999 Game Boy Color, Nintendo 64 WrestleMania 2000
38%
2004 GameCube Day of Reckoning
37%
1999 Game Boy Color, Nintendo 64, PlayStation, Sega Dreamcast Attitude
33%
2005 GameCube Day of Reckoning 2
33%
2002 GameCube WrestleMania X8
33%
2003 GameCube WrestleMania XIX
33%
2005 Xbox WrestleMania 21
31%
1996 MS-DOS, PC, PlayStation, Sega Saturn In Your House
30%
2004 Game Boy Advance Survivor Series
30%
1998 Game Boy, PlayStation, Nintendo 64 War Zone
28%
1991 Game Boy Superstars
25%
2003 GameCube, PS2 Crush Hour
24%
1993 Game Boy, NES King of the Ring
20%
2001 Game Boy Advance Road to WrestleMania
19%
1995 Genesis/Mega Drive, MS-DOS, PlayStation, Sega 32X, Sega Saturn, SNES WrestleMania: The Arcade Game
19%
2001 Game Boy Color Betrayal
16%
1993 Sega CD Rage in the Cage
16%
1992 Genesis/Mega Drive, SNES Super WrestleMania
15%
2005 Nokia N-Gage Aftershock
13%
1992 Game Gear, Master System, NES WrestleMania: Steel Cage Challenge
13%
1990 Commodore 64, NES WrestleMania Challenge
12%
1992 Amiga, Atari ST, Commodore 64, PC European Rampage Tour
11%
1987 Amiga, Commodore 64 MicroLeague Wrestling
11%
2002 Game Boy Advance Road to WrestleMania X8
11%
2001 PC With Authority!
11%
1992 Game Boy Superstars 2
10%
No matching quizzes found
Score Distribution
Percent of People with Each Score
Percentile by Number Answered
Your Score History
You have not taken this quiz